000 01112cam a2200337 i 4500
001 768714001
003 CO-MdFUSB
005 20240227125538.0
007 ta
008 171004t1981 enk||||| |||| 00| 0 eng d
020 _a0877843686
040 _aCO-MdFUSB
_bspa
_cCO-MdFUSB
_dCO-MdFUSBC
_erda
041 0 _aeng
082 0 4 _a224.607
_223
_bK46
100 1 _aKidner, Derek
_eautor
245 1 4 _aThe message of Hosea
_b: love to the loveless
_c/ Derek Kidner ; editado por J. A. Motyer
264 1 _aDowners Grove, ILL., USA :
_bInterVarsity Press,
_c[1981]
264 4 _c©1981
300 _a142 páginas
_c; 22 cm.
336 _2rdacontent
_atexto
_btxt
337 _2rdamedia
_asin mediación
_bn
338 _2rdacarrier
_avolumen
_bnc
490 _aThe Bible Speaks Today
505 _aPrefacio general -- Prefacio del autor -- Abreviaturas principales -- Parte 1. Una parábola de vida -- La parábola enunciada.
563 _aTapa rústica
630 0 7 _aBiblia.
_pOseas
_vComentarios.
700 _aMotyer, J. A.
_91431
_eeditor
942 _cBK
945 _aJTF-925
999 _c33279
_d33279